[Event "It \"]
[Site "masterchessopen.com Brighton (England)"]
[Date "2011.02.24"]
[Round "2"]
[White "Craft Isaac (ENG)"]
[Black "Campbell Eoin (SCO)"]
[Result "1-0"]
[WhiteElo "1939"]
[BlackElo "1885"]

1.e4 c5 2.Nf3 d6 3.d4 cxd4 4.Nxd4 Nf6 5.Nc3 a6 6.Bg5 Nbd7 7.f4 Qc7 8.Qf3 Qc5
9.O-O-O Ne5 10.fxe5 Bg4 11.Qg3 Bxd1 12.exf6 gxf6 13.Be3 Bh5 14.Nd5 Rc8 15.Bd3
Bh6 16.Bxh6 Qxd4 17.Qh3 Rc5 18.c3 Rg8 19.Kb1 Qe5 20.Bf4 Bg4 21.Qxh7 {#r} 1-0

[Event "Ch Moscow (1/2 final)"]
[Site "masterchessopen.com Moscow (Russia)"]
[Date "2011.03.15"]
[Round "2"]
[White "Ustinov Alexey (RUS)"]
[Black "Kurukin Dmitry (RUS)"]
[Result "0-1"]
[WhiteElo "2161"]
[BlackElo "2401"]

1.e4 c5 2.Nf3 d6 3.d4 cxd4 4.Nxd4 Nf6 5.Nc3 a6 6.Bg5 Nbd7 7.f4 Qc7 8.Qf3 h6
9.Bh4 g5 10.fxg5 hxg5 11.Bxg5 Qc5 12.Bxf6 Nxf6 13.Qd3 Bh6 14.Be2 Bf4 15.g3
Bxg3+ 16.Qxg3 Qxd4 17.Rd1 Qb4 18.Rf1 Be6 19.e5 dxe5 20.Qxe5 Qxb2 21.Bg4 Bxg4
22.Rxf6 Rh5 23.Qe3 Bxd1 24.Rb6 Qxc2 25.Rxb7 e6 26.Qd4 Rd8 {#R} 0-1

[Event "Tournament (open)"]
[Site "masterchessopen.com Kouty nad Desnou (Czech Republic)"]
[Date "2011.03.17"]
[Round "7"]
[White "Belobrad Ivan (CZE)"]
[Black "Paganik Pavel (CZE)"]
[Result "0-1"]
[WhiteElo "2011"]
[BlackElo "2262"]

1.e4 c5 2.Nf3 d6 3.d4 cxd4 4.Nxd4 Nf6 5.Nc3 a6 6.Bg5 Nbd7 7.Bc4 h6 8.Bh4 Ne5
9.Bb3 g5 10.Bg3 e6 11.h4 g4 12.h5 Bd7 13.Qe2 Qa5 14.O-O-O Rc8 15.f4 gxf3
16.Nxf3 Nfg4 17.Rhf1 Rxc3 18.Nxe5 Rxg3 19.Nxf7 Rh7 20.Nxd6+ Bxd6 21.Rxd6 Ne3
22.Rf6 Qg5 23.Rg6 Rxg2 24.Rxg5 Rxe2 25.Rg6 Rf7 26.Rg1 Ke7 27.e5 Rf1+ 28.Rxf1
Nxf1 {#R} 0-1

[Event "Tournament (open)"]
[Site "masterchessopen.com Bogota (Colombia)"]
[Date "2011.03.21"]
[Round "7"]
[White "Manrique Fernando (COL)"]
[Black "Ruiz C Joshua D (COL)"]
[Result "0-1"]
[WhiteElo "1951"]
[BlackElo "2204"]

1.e4 c5 2.Nf3 d6 3.d4 cxd4 4.Nxd4 Nf6 5.Nc3 a6 6.Bg5 Nbd7 7.f4 Qb6 8.Nb3 h6
9.Bxf6 Nxf6 10.Qd4 Qxd4 11.Nxd4 e5 12.Nde2 b5 13.a3 Bb7 14.fxe5 dxe5 15.Ng3
O-O-O 16.Bd3 Bc5 17.h3 h5 18.O-O-O h4 19.Nge2 Rh6 20.b4 Be3+ 21.Kb2 Rg6 22.Nd5
Bxd5 23.exd5 e4 {#R} 0-1

[Event "Ch Vietnam"]
[Site "masterchessopen.com Dalat City (Vietnam)"]
[Date "2011.03.23"]
[Round "6"]
[White "Tran Thanh Tu (VIE)"]
[Black "Nguyen Huynh Minh H (VIE)"]
[Result "0-1"]
[WhiteElo "2334"]
[BlackElo "2456"]

1.e4 c5 2.Nf3 d6 3.d4 cxd4 4.Nxd4 Nf6 5.Nc3 a6 6.Bg5 Nbd7 7.Bc4 Qb6 8.Bb3 e6
9.Qd2 Be7 10.O-O-O O-O 11.Kb1 Nc5 12.f3 Qc7 13.g4 b5 14.a3 Rb8 15.h4 Bd7
16.Bxf6 Bxf6 17.g5 Bd8 18.h5 a5 19.g6 Nxb3 20.Nxb3 fxg6 21.hxg6 h6 22.Nxa5
Rxf3 23.e5 Be8 24.exd6 Qxa5 25.Rxh6 gxh6 26.Qxh6 Bf6 27.d7 Bxc3 28.dxe8=Q+
Rxe8 29.Rd7 Rf1+ 30.Ka2 Ra1+ 31.Kb3 Qa4+ 32.Kxc3 b4+ {#R} 0-1

[Event "Tournament (weekend) (b)"]
[Site "masterchessopen.com Ceriano Laghetto (Italy)"]
[Date "2011.04.01"]
[Round "1"]
[White "Madaschi Sergio (ITA)"]
[Black "Viale Fabio (ITA)"]
[Result "0-1"]
[WhiteElo "1620"]
[BlackElo "1810"]

1.e4 c5 2.Nf3 d6 3.d4 cxd4 4.Nxd4 Nf6 5.Nc3 a6 6.Bg5 Nbd7 7.f4 e5 8.fxe5 dxe5
9.Nf3 Bb4 10.Qd2 O-O 11.O-O-O Qa5 12.Bc4 Nxe4 13.Qe3 Nxc3 14.bxc3 Bxc3 15.Be7
b5 16.Bb3 b4 17.Rdf1 Nf6 18.Bxf8 Kxf8 19.Ng5 Qa3+ 20.Kd1 Bg4+ 21.Rf3 Rd8+
22.Ke2 Bxf3+ 23.Kxf3 Bd4 24.Qe2 Rc8 25.Rd1 Rc3+ 26.Rd3 Qc1 27.Nh3 Qh6 28.Rxc3
Qh5+ 29.Kg3 Qxe2 30.Rc8+ Ke7 31.Rc7+ Kd6 32.Rxf7 Qg4# 0-1

[Event "It (open)"]
[Site "masterchessopen.com Jakarta (Indonesia)"]
[Date "2011.04.01"]
[Round "1"]
[White "Sean Winshand Cuhendi (INA)"]
[Black "Ardiansyah H (INA)"]
[Result "0-1"]
[WhiteElo "2006"]
[BlackElo "2371"]

1.e4 c5 2.Nf3 d6 3.d4 cxd4 4.Nxd4 Nf6 5.Nc3 a6 6.Bg5 Nbd7 7.f4 b5 8.Qf3 Bb7
9.Bd3 Qb6 10.Nb3 e6 11.Bh4 b4 12.Bf2 Qc7 13.Ne2 d5 14.e5 Ne4 15.Bd4 a5 16.Nd2
Nxd2 17.Kxd2 Nc5 18.Ng3 Be7 19.Rae1 a4 20.Nh5 Ne4+ 21.Bxe4 dxe4 22.Qe3 O-O
23.Nf6+ Bxf6 24.exf6 Rfd8 25.c3 a3 26.Qg3 g6 27.Re3 axb2 28.Qg5 Rxd4+ 29.cxd4
Qc3+ 30.Ke2 b1=Q {#R} 0-1

[Event "It \"]
[Site "masterchessopen.com Skopje (Macedonia)"]
[Date "2011.04.04"]
[Round "4"]
[White "Videnova Iva (BUL)"]
[Black "Drenchev Petar (BUL)"]
[Result "0-1"]
[WhiteElo "2314"]
[BlackElo "2506"]

1.e4 c5 2.Nf3 d6 3.d4 cxd4 4.Nxd4 Nf6 5.Nc3 a6 6.Bg5 Nbd7 7.f4 Qc7 8.Qe2 g6
9.O-O-O Bg7 10.h4 h6 11.Bxf6 Nxf6 12.f5 Bd7 13.g4 Qc5 14.Nb3 Qe5 15.Bh3 Rc8
16.Rhe1 b5 17.a3 Rc4 18.Qf3 g5 19.h5 O-O 20.Bf1 Rc7 21.Re2 Rfc8 22.Rd3 Bc6
23.Kd1 Ba8 24.Ke1 Rb8 25.Bg2 b4 26.axb4 Rxb4 27.Qg3 Nd7 28.Qf2 Nc5 29.Rd5 Bxd5
30.Nxd5 Rxb3 31.cxb3 Nd3+ {#R} 0-1

[Event "Ch Azerbaijan (juniors) (under 20)"]
[Site "masterchessopen.com Baku (Azerbaijan)"]
[Date "2011.04.11"]
[Round "1"]
[White "Rasulov Vugar (AZE)"]
[Black "Iskandarov Misraddin (AZE)"]
[Result "1-0"]
[WhiteElo "2523"]
[BlackElo "2300"]

1.e4 c5 2.Nf3 d6 3.d4 cxd4 4.Nxd4 Nf6 5.Nc3 a6 6.Bg5 Nbd7 7.Bc4 e6 8.Qd2 Qc7
9.Bb3 Nc5 10.Bxf6 gxf6 11.O-O-O Bd7 12.f4 h5 13.Kb1 Rc8 14.f5 Nxb3 15.axb3 Qc5
16.Rhf1 Be7 17.Nce2 e5 18.Nf3 d5 19.exd5 Bxf5 20.Nc3 Rd8 21.Nxe5 fxe5 22.Rxf5
Bd6 23.Ne4 Qc7 24.Rdf1 Qe7 25.Rxf7 Qxf7 26.Rxf7 Kxf7 27.Qf2+ {#r} 1-0

[Event "Ch Berlin"]
[Site "masterchessopen.com Berlin (Germany)"]
[Date "2011.04.29"]
[Round "7"]
[White "Moeller Hendrik (GER)"]
[Black "Gebigke Martin (GER)"]
[Result "0-1"]
[WhiteElo "2222"]
[BlackElo "2191"]

1.e4 c5 2.Nf3 d6 3.d4 cxd4 4.Nxd4 Nf6 5.Nc3 a6 6.Bg5 Nbd7 7.f4 Qc7 8.Qf3 h6
9.Bxf6 Nxf6 10.Bd3 g6 11.f5 Qb6 12.O-O-O Bd7 13.Bc4 g5 14.h4 g4 15.Qg3 Bg7
16.e5 dxe5 17.Qxe5 O-O 18.Rhe1 Rac8 19.Bb3 a5 20.a4 h5 21.Nd5 Nxd5 22.Qxd5
Rcd8 23.f6 Bxf6 24.Qxh5 Bxd4 25.Rxe7 Be6 26.Qg5+ Bg7 27.Rxd8 Rxd8 {#R} 0-1

[Event "It (open) \"]
[Site "masterchessopen.com Ostrava (Czech Republic)"]
[Date "2011.04.30"]
[Round "1"]
[White "Kana Pavel (CZE)"]
[Black "Plischki Sebastian (GER)"]
[Result "0-1"]
[WhiteElo "2052"]
[BlackElo "2337"]

1.e4 c5 2.Nf3 d6 3.d4 cxd4 4.Nxd4 Nf6 5.Nc3 a6 6.Bg5 Nbd7 7.Bc4 Qb6 8.a3 Qc5
9.Bd5 e6 10.Na4 Qa5+ 11.b4 Qc7 12.O-O h6 13.Bxf6 Nxf6 14.Bb3 b5 15.Nb2 Be7
16.Qd3 O-O 17.c4 Bb7 18.Rfe1 bxc4 19.Nxc4 d5 20.exd5 Nxd5 21.g3 Bf6 22.Rad1
Rfd8 23.Qe2 Nc3 24.Qg4 Nxd1 25.Nxe6 fxe6 26.Rxe6 Qf7 27.Rxf6 Qxf6 28.Nd6+ Kf8
29.Nxb7 Qxf2+ 30.Kh1 Qf1# 0-1

[Event "Ch Germany (juniors) (Internet) (under 25) (qual1)"]
[Site "masterchessopen.com Internet"]
[Date "2011.05.01"]
[Round "7"]
[White "Van Gen Hassend Max (GER)"]
[Black "Wedrychowski Lukas"]
[Result "1-0"]
[WhiteElo "2024"]
[BlackElo "1645"]

1.e4 c5 2.Nf3 d6 3.d4 cxd4 4.Nxd4 Nf6 5.Nc3 a6 6.Bg5 Nbd7 7.f4 Qc7 8.Qf3 b5
9.O-O-O Bb7 10.g4 b4 11.Nd5 Nxd5 12.exd5 Nb6 13.Bg2 a5 14.Nc6 Bxc6 15.dxc6 a4
16.Rhe1 b3 17.cxb3 axb3 18.Qxb3 e6 19.f5 e5 20.Bf4 f6 21.Qe6+ Be7 22.Be3 Rb8
23.g5 Rf8 24.Rd3 Rf7 25.Rb3 Rf8 26.Bxb6 Rxb6 27.Rxb6 Qxb6 28.Qd7+ Kf7 29.Bd5#
1-0

[Event "Ch Netherlands (juniors) (a)"]
[Site "masterchessopen.com Haarlem (Netherlands)"]
[Date "2011.05.04"]
[Round "5"]
[White "Pijpers Arthur (NED)"]
[Black "Von Meijenfeldt Bart (NED)"]
[Result "1-0"]
[WhiteElo "2313"]
[BlackElo "2143"]

1.e4 c5 2.Nf3 d6 3.d4 cxd4 4.Nxd4 Nf6 5.Nc3 a6 6.Bg5 Nbd7 7.f4 Qc7 8.Qf3 h6
9.Bxf6 Nxf6 10.f5 Qc5 11.O-O-O g5 12.e5 dxe5 13.Ndb5 Bd7 14.Na4 Qc8 15.Nb6 Qb8
16.Nxd7 Nxd7 17.Rxd7 Kxd7 18.Qd5+ Ke8 19.Bc4 e6 20.fxe6 Be7 21.Rf1 f6 22.Qd7+
{#r} 1-0

[Event "Ch Germany (juniors) (Internet) (under 25) (qual3)"]
[Site "masterchessopen.com Internet"]
[Date "2011.05.04"]
[Round "5"]
[White "Steingraeber Kai-Uwe (GER)"]
[Black "Wedrychowski Lukas"]
[Result "1-0"]
[WhiteElo "2074"]
[BlackElo "1623"]

1.e4 c5 2.Nf3 d6 3.d4 cxd4 4.Nxd4 Nf6 5.Nc3 a6 6.Bg5 Nbd7 7.f4 Qc7 8.Qf3 b5
9.Bd3 Bb7 10.Nd5 Nxd5 11.exd5 h6 12.Bh4 Nb6 13.Be4 Qc4 14.Nc6 Rc8 15.b3 Qc5
16.Bf2 Qa3 17.Bxb6 Qb2 18.O-O g6 19.Bd4 {#r} 1-0

[Event "Ch Netherlands (juniors) (a)"]
[Site "masterchessopen.com Haarlem (Netherlands)"]
[Date "2011.05.08"]
[Round "9"]
[White "Brookes Christopher (NED)"]
[Black "Manoch Maurice (NED)"]
[Result "0-1"]
[WhiteElo "2122"]
[BlackElo "1881"]

1.e4 c5 2.Nf3 d6 3.Nc3 Nf6 4.d4 cxd4 5.Nxd4 a6 6.Bg5 Nbd7 7.f4 Qa5 8.Qf3 h6
9.Bxf6 Nxf6 10.f5 g5 11.fxg6 fxg6 12.Bc4 Bg4 13.Qd3 Nd7 14.Nb3 Qb6 15.Nd5 Qc6
16.Na5 Qa4 17.Qc3 Rc8 18.b3 Qa3 19.Qxh8 Qxa5+ 20.b4 Qd8 21.Bb3 e6 22.Nf4 Qb6
23.g3 Qe3+ 24.Kf1 Qxe4 25.Kg1 Ne5 26.Qg8 Nf3+ 27.Kf2 Qd4+ 28.Kg2 Qd2+ 29.Kf1
Ne5 30.h3 Rc3 31.hxg4 Rf3+ 32.Kg1 Qf2# 0-1

[Event "Ch Germany (juniors) (Internet) (under 25) (qual3)"]
[Site "masterchessopen.com Internet"]
[Date "2011.05.08"]
[Round "6"]
[White "Schmidt Martin (GER)"]
[Black "Colpe Malte (GER)"]
[Result "0-1"]
[WhiteElo "2044"]
[BlackElo "2245"]

1.e4 c5 2.Nf3 d6 3.d4 cxd4 4.Nxd4 Nf6 5.Nc3 a6 6.Bg5 Nbd7 7.f4 Qc7 8.Qf3 h6
9.Bxf6 Nxf6 10.O-O-O Bg4 11.Qe3 Bxd1 12.Nxd1 e6 13.Nc3 Be7 14.e5 dxe5 15.fxe5
Ng4 16.Qg3 Bg5+ 17.Kb1 Nxe5 18.h4 Bf6 19.Ndb5 axb5 20.Bxb5+ Ke7 21.Rd1 Rhd8
22.Rxd8 Rxd8 23.a4 Qd6 24.Ne4 Qd1+ 25.Ka2 Qd5+ {#R} 0-1

[Event "It (open)"]
[Site "masterchessopen.com Hradec Kralove (Czech Republic)"]
[Date "2011.05.14"]
[Round "8"]
[White "Rojikova Lenka (CZE)"]
[Black "Kraus Tomas (CZE)"]
[Result "0-1"]
[WhiteElo "1806"]
[BlackElo "2197"]

1.e4 c5 2.Nf3 d6 3.d4 cxd4 4.Nxd4 Nf6 5.Nc3 a6 6.Bg5 Nbd7 7.f4 Qc7 8.Qf3 h6
9.Bh4 g5 10.fxg5 hxg5 11.Bg3 Ne5 12.Bxe5 dxe5 13.Nf5 g4 14.Qf2 Bxf5 15.Qxf5
Bh6 16.Bd3 Qb6 17.Qxe5 Qe3+ 18.Ne2 Bg5 19.Kf1 Rd8 20.Re1 Rh5 21.Qc7 Bh4 22.Ng3
Qd4 23.Rd1 Bxg3 24.Qxg3 Nxe4 25.Qe1 Rf5+ {#R} 0-1

[Event "It (w)"]
[Site "masterchessopen.com Orlova (Czech Republic)"]
[Date "2011.05.22"]
[Round "2"]
[White "Labedz Patrycja (POL)"]
[Black "Doluhanova Evgeniya (UKR)"]
[Result "0-1"]
[WhiteElo "2091"]
[BlackElo "2250"]

1.e4 c5 2.Nf3 d6 3.d4 cxd4 4.Nxd4 Nf6 5.Nc3 a6 6.Bg5 Nbd7 7.f4 Qc7 8.Qf3 h6
9.Bh4 g5 10.fxg5 hxg5 11.Bxg5 Qc5 12.Qe3 Ng4 13.Qd2 Bg7 14.O-O-O Bxd4 15.Qxd4
Qxg5+ 16.Kb1 Qe5 17.Qg1 Qc5 18.h3 Qxg1 19.Rxg1 Ne3 20.Re1 Nxf1 21.Rexf1 Nf6
22.Rh1 Be6 23.g4 b5 24.a3 Rh4 {#R} 0-1

[Event "It (cat.4)"]
[Site "masterchessopen.com Stroebeck (Germany)"]
[Date "2011.05.25"]
[Round "6"]
[White "Wagner Dennis (GER)"]
[Black "Donchenko Alexander (GER)"]
[Result "0-1"]
[WhiteElo "2290"]
[BlackElo "2304"]

1.e4 c5 2.Nf3 d6 3.d4 cxd4 4.Nxd4 Nf6 5.Nc3 a6 6.Bg5 Nbd7 7.f4 Qc7 8.Qf3 h6
9.Bh4 g5 10.fxg5 hxg5 11.Bxg5 Qc5 12.Be3 Ne5 13.Qe2 Neg4 14.Bg1 Bh6 15.Qc4 Qg5
16.Nf3 Qg6 17.g3 Bd7 18.Bd3 Rc8 19.Qb4 Bc6 20.Nd5 Qh5 21.Qd4 Kf8 22.Nh4 Bg5
23.Nf3 Nxd5 24.exd5 Bf6 25.dxc6 Bxd4 26.cxb7 Qa5+ 27.Kd1 Rb8 28.Bxd4 e5 29.Bc3
Qb6 30.Re1 Qxb7 31.Ke2 Nxh2 {#R} 0-1

[Event "It (open)"]
[Site "masterchessopen.com Maceio (Brazil)"]
[Date "2011.05.29"]
[Round "7"]
[White "Egoroff Jomar (BRA)"]
[Black "Santiago Yago De Moura (BRA)"]
[Result "1-0"]
[WhiteElo "2311"]
[BlackElo "2314"]

1.e4 c5 2.Nf3 d6 3.d4 cxd4 4.Nxd4 Nf6 5.Nc3 a6 6.Bg5 Nbd7 7.Qd2 e6 8.O-O-O Qc7
9.f4 b5 10.a3 Bb7 11.Bd3 Be7 12.Rhe1 h6 13.Bxf6 gxf6 14.Qe2 O-O-O 15.Qh5 Rdf8
16.f5 e5 17.Nb3 Kb8 18.Kb1 Rhg8 19.Rd2 Rg5 20.Qxh6 Qd8 21.Qh7 Rh8 22.Qxf7 Nf8
23.Na5 Ba8 24.b4 d5 25.Nxd5 Rh7 26.Nxe7 Rxf7 27.Nec6+ Bxc6 28.Nxc6+ {#r} 1-0

[Event "Ch Bosnia & Herzegovina (team)"]
[Site "masterchessopen.com Neum (Bosnia & Herzegovina)"]
[Date "2011.06.06"]
[Round "3"]
[White "Trkulja Goran (BIH)"]
[Black "Predojevic Borki (BIH)"]
[Result "0-1"]
[WhiteElo "2371"]
[BlackElo "2643"]

1.e4 c5 2.Nf3 d6 3.d4 cxd4 4.Nxd4 Nf6 5.Nc3 a6 6.Bg5 Nbd7 7.Qd2 e6 8.f3 h6
9.Be3 b5 10.a4 b4 11.Na2 d5 12.Nxb4 dxe4 13.O-O-O Qa5 14.Ndc6 Qxa4 15.Kb1 Bxb4
16.Nxb4 O-O 17.b3 Qa5 18.Kb2 Bb7 19.Ra1 Qe5+ 20.Bd4 Qd6 21.Ra5 Rfd8 22.Bc3 Qb6
23.Na2 Nd5 24.Bd4 e3 25.Rxd5 exd2 26.Bxb6 Bxd5 27.Bxa6 Nxb6 {#R} 0-1

[Event "Memorial Karen Asrian (open)"]
[Site "masterchessopen.com Jermuk (Armenia)"]
[Date "2011.06.18"]
[Round "3"]
[White "Bakunc Rafael (ARM)"]
[Black "Idani Pouya (IRI)"]
[Result "0-1"]
[WhiteElo "2193"]
[BlackElo "2417"]

1.e4 c5 2.Nf3 d6 3.d4 cxd4 4.Nxd4 Nf6 5.Nc3 a6 6.Bg5 Nbd7 7.Bc4 Qb6 8.Bb3 e6
9.O-O Be7 10.Re1 O-O 11.Qd2 Nc5 12.Rad1 Bd7 13.h3 Rad8 14.Nf5 exf5 15.Bxf6
Nxb3 16.axb3 Bxf6 17.Nd5 Qc5 18.b4 Qb5 19.c4 Qxc4 20.Nxf6+ gxf6 21.Qh6 fxe4
22.Rxd6 Qxb4 23.Red1 Qxb2 24.R1d4 e3 25.fxe3 Qb1+ 26.Kh2 Qg6 27.Qh4 Bc6 {#R}
0-1

[Event "Ch Colombia (1/2 final)"]
[Site "masterchessopen.com Santa Rosa de Cabal (Colombia)"]
[Date "2011.06.22"]
[Round "1"]
[White "Jaramillo Carlos Orlando (COL)"]
[Black "Ramirez Carlos (COL)"]
[Result "0-1"]
[WhiteElo "1918"]
[BlackElo "2320"]

1.e4 c5 2.Nf3 d6 3.d4 cxd4 4.Nxd4 Nf6 5.Nc3 a6 6.Bg5 Nbd7 7.Bc4 Qc7 8.Bb3 e6
9.O-O Nc5 10.f4 Be7 11.Qe2 h6 12.Bh4 Nfxe4 13.Nxe4 Bxh4 14.Nf5 Nxe4 15.Nxh4
Nf6 16.f5 e5 17.Rad1 b5 18.Rd3 Bb7 19.Rfd1 Rd8 20.Kh1 O-O 21.Rg3 d5 22.Rc3 Qb6
23.Qxe5 Ne4 24.Rf3 Nf2+ 25.Rxf2 Qxf2 26.Nf3 d4 27.Qe1 Qxe1+ 28.Rxe1 Bxf3
29.gxf3 Rfe8 30.h4 {#R} 0-1

[Event "Ch China (active) (prelim)"]
[Site "masterchessopen.com Hefei (China)"]
[Date "2011.07.03"]
[Round "1"]
[White "Wang Yiye"]
[Black "Zhou Jianchao (CHN)"]
[Result "0-1"]
[WhiteElo "2262"]
[BlackElo "2628"]

1.e4 c5 2.Nf3 d6 3.d4 cxd4 4.Nxd4 Nf6 5.Nc3 a6 6.Bg5 Nbd7 7.f4 Qa5 8.Qd2 e6
9.O-O-O b5 10.Qe1 Qc7 11.f5 e5 12.Nd5 Nxd5 13.exd5 Bb7 14.Nc6 h6 15.Bd2 Bxc6
16.Ba5 Qb7 17.dxc6 Qxc6 18.Be2 Rc8 19.Rd2 d5 20.Bf3 e4 21.Qe2 Be7 22.Re1 Bg5
23.Bb4 {#R} 0-1

[Event "It (open)"]
[Site "masterchessopen.com Varna (Bulgaria)"]
[Date "2011.07.10"]
[Round "9"]
[White "Dimov Dian (BUL)"]
[Black "Berbatov Kiprian (BUL)"]
[Result "0-1"]
[WhiteElo "2289"]
[BlackElo "2474"]

1.e4 c5 2.Nf3 d6 3.d4 cxd4 4.Nxd4 Nf6 5.Nc3 a6 6.Bg5 Nbd7 7.f4 e5 8.Nf3 Qb6
9.Qd2 Qxb2 10.Rb1 Qa3 11.Bd3 Be7 12.O-O h6 13.Bh4 exf4 14.Bf2 Nc5 15.Bd4 O-O
16.e5 dxe5 17.Nxe5 Be6 18.Rxf4 Rfd8 19.Be3 Rac8 20.Ne2 Qxa2 21.Qe1 Nxd3
22.cxd3 Nd5 23.Rxb7 Bg5 24.h4 Bxf4 25.Bxf4 Rc2 26.Bxh6 Rxe2 27.Qg3 Qa1+ {#R}
0-1

[Event "Memorial Adolf Anderssen (final) (w)"]
[Site "masterchessopen.com Wroclaw (Poland)"]
[Date "2011.07.12"]
[Round "1"]
[White "Skiba Marta (POL)"]
[Black "Dworakowska Joanna (POL)"]
[Result "0-1"]
[WhiteElo "1734"]
[BlackElo "2306"]

1.e4 c5 2.Nf3 d6 3.d4 cxd4 4.Nxd4 Nf6 5.Nc3 a6 6.Bg5 Nbd7 7.f4 Qb6 8.Qd3 Qxb2
9.Rb1 Qa3 10.Bxf6 gxf6 11.Be2 h5 12.O-O e6 13.f5 Ne5 14.Qh3 Qc5 15.Rbd1 Nc6
16.Na4 Qa7 17.fxe6 Nxd4 18.exf7+ Kxf7 19.Bxh5+ Ke7 20.g4 Be6 21.Nc3 Qc5
22.Nd5+ Kd8 23.Rxf6 Bg7 24.Rff1 Bxd5 25.exd5 Qxd5 26.Qh4+ Kd7 27.Rf7+ Qxf7
{#R} 0-1

[Event "Memorial M.Najdorf (open)"]
[Site "masterchessopen.com Warsaw (Poland)"]
[Date "2011.07.13"]
[Round "1"]
[White "Dragun Kamil (POL)"]
[Black "Nowicki Bartosz (POL)"]
[Result "1-0"]
[WhiteElo "2426"]
[BlackElo "2139"]

1.e4 c5 2.Nf3 d6 3.d4 cxd4 4.Nxd4 Nf6 5.Nc3 a6 6.Bg5 Nbd7 7.f4 Qc7 8.Qf3 h6
9.Bxf6 Nxf6 10.f5 e5 11.fxe6 fxe6 12.O-O-O Bd7 13.g3 O-O-O 14.Bh3 Re8 15.Kb1
Kb8 16.Nce2 Bc8 17.Rhe1 Qf7 18.Rf1 Be7 19.Qb3 Bd8 20.Nf4 Nxe4 21.Nfxe6 Bxe6
22.Nxe6 Bf6 23.Qd5 Ng5 24.Qxd6+ Ka7 25.Qc5+ Kb8 26.Nxg5 hxg5 27.Rd7 {#r} 1-0

[Event "Ch Sweden"]
[Site "masterchessopen.com Vasteras (Sweden)"]
[Date "2011.07.17"]
[Round "2"]
[White "Hector Jonny (SWE)"]
[Black "Berg Emanuel (SWE)"]
[Result "1-0"]
[WhiteElo "2575"]
[BlackElo "2575"]

1.e4 c5 2.Nf3 d6 3.d4 cxd4 4.Nxd4 Nf6 5.Nc3 a6 6.Bg5 Nbd7 7.f4 Qc7 8.Qf3 h6
9.Bxf6 Nxf6 10.f5 Rg8 11.O-O-O g5 12.e5 dxe5 13.Ndb5 axb5 14.Nxb5 Qb8 15.Qc3
Bd7 16.Nc7+ Kd8 17.Nxa8 Qxa8 18.Bb5 Qc8 19.Qa5+ Qc7 20.Qa8+ Qc8 21.Qa4 Kc7
22.Rd3 Bxf5 23.Rc3+ Kb8 24.Rxc8+ Bxc8 25.Rf1 g4 26.Qc4 Be6 27.Qc5 h5 28.Qxe5+
Ka8 29.Kb1 Bg7 30.Rf4 Ka7 31.Qc7 {#r} 1-0

[Event "It (open)"]
[Site "masterchessopen.com Paleochora (Greece)"]
[Date "2011.07.21"]
[Round "2"]
[White "Van Assendelft Floris (NED)"]
[Black "Balokas Dimitrios (GRE)"]
[Result "1-0"]
[WhiteElo "2376"]
[BlackElo "2056"]

1.e4 c5 2.Nf3 d6 3.d4 cxd4 4.Nxd4 Nf6 5.Nc3 a6 6.Bg5 Nbd7 7.Qf3 h6 8.Bh4 Qc7
9.O-O-O b5 10.Bd3 Ne5 11.Qe2 b4 12.Nd5 Nxd5 13.exd5 Qa5 14.Kb1 Nxd3 15.Rxd3
Qxd5 16.Re1 g5 17.Bg3 e5 18.Nf3 Qa5 19.Qe4 Ra7 20.Nxe5 dxe5 21.Bxe5 Be6
22.Qc6+ Ke7 23.Qd6+ {#r} 1-0

[Event "Memorial M.Najdorf (open)"]
[Site "masterchessopen.com Warsaw (Poland)"]
[Date "2011.07.21"]
[Round "8"]
[White "Tomaszewska Luiza (POL)"]
[Black "Eggink Ryszard (POL)"]
[Result "0-1"]
[WhiteElo "2008"]
[BlackElo "1992"]

1.e4 c5 2.Nf3 d6 3.d4 cxd4 4.Nxd4 Nf6 5.Nc3 a6 6.Bg5 Nbd7 7.f4 Qc7 8.Qf3 h6
9.Bh4 g5 10.fxg5 hxg5 11.Bxg5 Qc5 12.Nf5 e6 13.Bxf6 Nxf6 14.Nxd6+ Bxd6 15.Qxf6
Bg3+ 16.Kd2 Qd6+ 17.Bd3 Bf4+ 18.Ke2 Rh6 19.e5 Qd4 20.Qg7 Qe3+ 21.Kf1 Bxe5
22.Qg8+ Ke7 23.Ne4 Rg6 24.Qh7 Rg4 25.g3 Qf3+ 26.Ke1 Qxh1+ 27.Ke2 Qxa1 28.Qh5
Rxe4+ 29.Bxe4 Qxb2 30.Qg5+ Bf6 31.Qc5+ Ke8 {#R} 0-1

[Event "It (open)"]
[Site "masterchessopen.com Curasao (Netherlands)"]
[Date "2011.07.27"]
[Round "5"]
[White "Kats Alena (USA)"]
[Black "Blijstra Wim (NED)"]
[Result "0-1"]
[WhiteElo "2140"]
[BlackElo "2273"]

1.e4 c5 2.Nf3 d6 3.d4 cxd4 4.Nxd4 Nf6 5.Nc3 a6 6.Bg5 Nbd7 7.f4 Qc7 8.Qf3 b5
9.e5 Bb7 10.exd6 Qb6 11.Qe3 Qxd6 12.O-O-O Qc5 13.b4 Qb6 14.Bxf6 Qxf6 15.Ncxb5
e6 16.Qe5 Rc8 17.a3 Be7 18.Nc6 Qxe5 19.Nd6+ Kf8 20.Nxc8 Bxc8 21.Be2 Nb6 22.Rd3
Bf6 {#R} 0-1

[Event "It (open) (b)"]
[Site "masterchessopen.com Dresden (Germany)"]
[Date "2011.08.07"]
[Round "2"]
[White "Linnemann Niklas (GER)"]
[Black "Eilers Jochen (GER)"]
[Result "0-1"]
[WhiteElo "1910"]
[BlackElo "2022"]

1.e4 c5 2.Nf3 d6 3.d4 cxd4 4.Nxd4 Nf6 5.Nc3 a6 6.Bg5 Nbd7 7.f4 Qc7 8.Qf3 h6
9.Bh4 g5 10.fxg5 hxg5 11.Bxg5 Qc5 12.Be3 Ne5 13.Qe2 Qb4 14.O-O-O Bd7 15.Qd2
Neg4 16.Kb1 Rc8 17.Bd3 Nxe3 18.Qxe3 Rxc3 19.Qe1 Qxd4 20.bxc3 Qc5 21.Ka1 Ng4
22.Rb1 Bg7 23.Kb2 Qb4+ 24.Kc1 Bh6+ {#R} 0-1

[Event "It (open)"]
[Site "masterchessopen.com Dresden (Germany)"]
[Date "2011.08.09"]
[Round "4"]
[White "Luther Thomas (GER)"]
[Black "Vorobiov Evgeny E (RUS)"]
[Result "0-1"]
[WhiteElo "2518"]
[BlackElo "2581"]

1.e4 c5 2.Nf3 d6 3.d4 cxd4 4.Nxd4 Nf6 5.Nc3 a6 6.Bg5 Nbd7 7.f4 Qc7 8.Qf3 b5
9.e5 Bb7 10.exd6 Qb6 11.Qe3 e6 12.Bxf6 Nxf6 13.f5 Bxd6 14.fxe6 Bc5 15.exf7+
Kxf7 16.O-O-O Rad8 17.Nce2 Rhe8 18.Qf2 b4 19.h4 Re4 20.Rh3 Bxd4 21.Nxd4 Rexd4
22.Bc4+ Kf8 {#R} 0-1

[Event "Ch World (juniors) (under 20)"]
[Site "masterchessopen.com Chennai (India)"]
[Date "2011.08.10"]
[Round "8"]
[White "Roganovic Milos (SRB)"]
[Black "Turqueza Mari Joseph (PHI)"]
[Result "1-0"]
[WhiteElo "2480"]
[BlackElo "2274"]

1.e4 c5 2.Nf3 d6 3.d4 cxd4 4.Nxd4 Nf6 5.Nc3 a6 6.Bg5 Nbd7 7.Bc4 Qb6 8.Bb3 e6
9.O-O Be7 10.Kh1 Nc5 11.Qe2 h6 12.Be3 Qc7 13.f4 Nfxe4 14.Nxe4 Nxe4 15.f5 e5
16.Qg4 Ng5 17.Qe2 Ne4 18.Qg4 Ng5 19.Ne2 Bd7 20.Nc3 Bc6 21.Nd5 Bxd5 22.Bxd5 Kf8
23.Qh5 Bd8 24.f6 g6 25.Qh4 Kg8 26.Qa4 b5 27.Qg4 Rb8 28.h4 Qxc2 {#r} 1-0

[Event "It (open) (b)"]
[Site "masterchessopen.com Dresden (Germany)"]
[Date "2011.08.14"]
[Round "9"]
[White "Klein Andreas (GER)"]
[Black "Eilers Jochen (GER)"]
[Result "0-1"]
[WhiteElo "2089"]
[BlackElo "2022"]

1.e4 c5 2.Nf3 d6 3.d4 cxd4 4.Nxd4 Nf6 5.Nc3 a6 6.Bg5 Nbd7 7.f3 e6 8.Qd2 Be7
9.O-O-O Qc7 10.Kb1 O-O 11.g4 b5 12.h4 Bb7 13.Bd3 Rfd8 14.h5 b4 15.Nce2 d5
16.exd5 Bxd5 17.Rh3 Nc5 18.Qe3 Nxd3 19.cxd3 Rac8 20.Bf4 Qa5 21.b3 Bb7 22.Nf5
Bc5 23.Nh6+ Kf8 24.Qd2 Bd4 25.Nxd4 Rxd4 26.Qb2 Rxf4 {#R} 0-1